[Event "NED-ch U16"]
[Site "Rotterdam"]
[Date "2016.05.03"]
[Round "5"]
[White "Wagenvoorde, Guido"]
[Black "Den Hartog, Marijn"]
[Result "0-1"]
[WhiteElo "1885"]
[BlackElo "2079"]
[PlyCount "38"]
[EventDate "2016.04.29"]
[EventType "swiss"]
[EventRounds "9"]
[EventCountry "NED"]
[SourceTitle "CBM 172 Extra"]
[Source "ChessBase"]
[SourceDate "2016.06.21"]
[SourceVersion "1"]
[SourceVersionDate "2016.06.21"]
[SourceQuality "1"]

1. d4 g6 2. c4 Bg7 3. Nc3 d6 4. e4 Nd7 5. Be2 e5 6. d5 Ne7 7. h4 f5 8. h5 0-0 9. hxg6 Nxg6 10. exf5 Rxf5 11. Bg4 Nc5 12. b4 e4 13. bxc5 Bxc3+ 14. Bd2 Bxd2+ 15. Kxd2 Rxf2+ 16. Ke3 Rxg2 17. Bxc8 Qg5+ 18. Kxe4 Qf4+ 19. Kd3 Ne5+ 0-1

[Event "NED-ch U16"]
[Site "Rotterdam"]
[Date "2016.05.01"]
[Round "3"]
[White "Bhattacharjee, Sourav"]
[Black "Den Hartog, Marijn"]
[Result "1/2-1/2"]
[WhiteElo "2140"]
[BlackElo "2079"]
[PlyCount "115"]
[EventDate "2016.04.29"]
[EventType "swiss"]
[EventRounds "9"]
[EventCountry "NED"]
[SourceTitle "CBM 172 Extra"]
[Source "ChessBase"]
[SourceDate "2016.06.21"]
[SourceVersion "1"]
[SourceVersionDate "2016.06.21"]
[SourceQuality "1"]

1. e4 e6 2. d4 d5 3. Nc3 Nf6 4. e5 Nfd7 5. f4 c5 6. Nf3 Be7 7. Be3 0-0 8. Qd2 b6 9. 0-0-0 Nc6 10. h4 a5 11. Bb5 Nb4 12. a3 Ba6 13. Bxa6 Nxa6 14. f5 Nc7 15. fxe6 fxe6 16. Ng5 cxd4 17. Bxd4 Bxg5 18. hxg5 Rf5 19. g6 h6 20. g4 Rg5 21. Be3 Rxg4 22. Kb1 Rxg6 23. Rdg1 Nxe5 24. Rxg6 Nxg6 25. Bxh6 Qf6 26. Be3 b5 27. Bb6 b4 28. axb4 axb4 29. Ne2 Ne8 30. Ng3 Qf4 31. Qe1 Qe5 32. Qf2 Nf6 33. Bd4 Qf4 34. Qxf4 Nxf4 35. Rf1 N6h5 36. Nxh5 Nxh5 37. Be5 Ra7 38. Rg1 Kf7 39. Rg4 Rb7 40. Kc1 Nf6 41. Rf4 b3 42. c3 Ra7 43. Rb4 Ne4 44. Kd1 g5 45. Rxb3 g4 46. Ke2 g3 47. Bd4 Rd7 48. Ra3 Kg6 49. Ra7 Rd8 50. Kf3 Rb8 51. Rg7+ Kh6 52. Re7 Rxb2 53. Rxe6+ Kh5 54. Be3 Rf2+ 55. Bxf2 gxf2 56. Ke2 Kg4 57. Rxe4+ dxe4 58. Kxf2 1/2-1/2